সালমা সোবহান /
Contributed articles on the life and work of Salma Sobhan, social activist and university law teacher from Bangladesh; commemorative volume.
| সংস্থা লেখক: | |
|---|---|
| অন্যান্য লেখক: | |
| বিন্যাস: | গ্রন্থ |
| ভাষা: | Bengali English |
| প্রকাশিত: |
ঢাকা :
আইন ও সালিশ কেন্দ্র (আসক),
২০১৪.
|
| বিষয়গুলি: | |
| Classic Catalogue: | View this record in Classic Catalogue |
| LEADER | 01910nam a2200421 a 4500 | ||
|---|---|---|---|
| 001 | 34315 | ||
| 003 | BD-DhAAL | ||
| 005 | 20190709163123.0 | ||
| 008 | 190421t20042014bg a b 010 0bbeno | ||
| 999 | |c 40744 |d 40744 | ||
| 010 | |a 2005320070 | ||
| 020 | |z 9843218836 | ||
| 025 | |a B-B-2005-320070; 22; 27; 28 | ||
| 037 | |b Library of Congress -- New Delhi Overseas Office |c Tk250.00 | ||
| 040 | |a DLC |c DLC |d DLC |d BD-DhAAL | ||
| 041 | 0 | |a ben |a eng | |
| 042 | |a lcode | ||
| 043 | |a a-bg--- | ||
| 050 | 0 | 0 | |a HV40.8.B35 |b S25 2004 |
| 082 | |2 19 |a 954.92040924 | ||
| 245 | 0 | 0 | |a সালমা সোবহান / |c আইন ও সালিশ কেন্দ্র (আসক) |
| 246 | 3 | 1 | |a Salma Sobhan |
| 260 | |a ঢাকা : |b আইন ও সালিশ কেন্দ্র (আসক), |c ২০১৪. | ||
| 300 | |a ২২২ পৃষ্ঠা : |b চিএ ; |c ২২ সে. মি. | ||
| 504 | |a Includes bibliographical references. | ||
| 520 | |a Contributed articles on the life and work of Salma Sobhan, social activist and university law teacher from Bangladesh; commemorative volume. | ||
| 526 | |a AAL | ||
| 541 | |a Complimentary Copy by Ain o Salisa Kendra |e 34315 | ||
| 546 | |a In Bengali; prefatory matter and some articles in English. | ||
| 600 | 1 | 0 | |a Sobhan, Salma. |9 31306 |
| 650 | 0 | |a Social workers |z Bangladesh |v Biography. |9 31307 | |
| 650 | 0 | |a Law teachers |z Bangladesh |v Biography. |9 31308 | |
| 650 | 0 | |a College teachers |z Bangladesh |v Biography. |9 31309 | |
| 700 | 1 | |a সোবহান, সালমা |9 31306 | |
| 710 | 2 | |a আইন ও সালিশ কেন্দ্র (আসক) |9 31310 | |
| 852 | |a Ayesha Abed Library |c General Stacks | ||
| 942 | |2 ddc |c BK | ||
| 952 | |0 0 |1 0 |2 ddc |4 0 |6 954_920409240000000_AIN |7 0 |9 65386 |a BRACUL |b BRACUL |c GEN |d 2019-04-21 |e Complimentary Copy by Ain o Salisa Kendra |l 1 |m 1 |o 954.92040924 AIN |p 3010034315 |r 2023-08-13 |s 2023-01-10 |t 1 |w 2019-04-21 |y BK | ||